[Event "Santo Antonio de Jesus Bahia op"]
[Site "Santo Antonio de Jesus"]
[Date "2022.07.09"]
[Round "4"]
[White "Di Berardino, Diego Rafael"]
[Black "Reis, Paulo F Jatoba"]
[Result "1-0"]
[WhiteElo "2484"]
[BlackElo "2388"]
[PlyCount "63"]
[EventDate "2022.07.07"]
[EventType "swiss"]
[EventRounds "6"]
[EventCountry "BRA"]
[SourceTitle "CBM 212 Extra"]
[Source "ChessBase"]
[SourceDate "2023.03.31"]
[SourceVersion "1"]
[SourceVersionDate "2023.03.31"]
[SourceQuality "1"]

1. d4 d5 2. c4 e6 3. Nc3 Be7 4. cxd5 exd5 5. Bf4 c6 6. e3 Bd6 7. Bxd6 Qxd6 8. Bd3 Ne7 9. Qc2 g6 10. f3 0-0 11. Nge2 Nf5 12. Qd2 Re8 13. e4 dxe4 14. Nxe4 Qd8 15. 0-0-0 Nd7 16. g4 Ne7 17. h4 Nd5 18. h5 N7f6 19. Qh6 Rxe4 20. Bxe4 Qe7 21. Ng3 Qc7 22. hxg6 fxg6 23. g5 Nxe4 24. Nxe4 Bf5 25. Nf6+ Nxf6 26. gxf6 Qf7 27. b3 Rd8 28. Rde1 Rd7 29. Re5 Qf8 30. Qe3 Qa3+ 31. Kd1 h5 32. Rxf5 1-0

[Event "Barra de Sao Miguel op"]
[Site "Barra de Sao Miguel"]
[Date "2019.10.10"]
[Round "1"]
[White "Barata, Caetano"]
[Black "Reis, Paulo F Jatoba"]
[Result "0-1"]
[WhiteElo "1800"]
[BlackElo "2396"]
[PlyCount "62"]
[EventDate "2019.10.10"]
[EventType "swiss"]
[EventRounds "7"]
[EventCountry "BRA"]
[SourceTitle "CBM 192 Extra"]
[Source "Chessbase"]
[SourceDate "2019.11.06"]
[SourceVersion "1"]
[SourceVersionDate "2019.11.06"]
[SourceQuality "1"]

1. d4 Nf6 2. c4 c5 3. e3 g6 4. Nc3 Bg7 5. Nf3 0-0 6. h4 d5 7. h5 cxd4 8. exd4 Bg4 9. hxg6 hxg6 10. Bh6 Bxh6 11. Rxh6 Nc6 12. Rh4 e5 13. Qd2 Bxf3 14. gxf3 Nxd4 15. 0-0-0 Nxf3 16. Qh6 Nxh4 17. Qxh4 Ne4 18. Qh2 Qg5+ 19. Kb1 Nxc3+ 20. bxc3 Kg7 21. Rxd5 Rh8 22. Qxe5+ Qxe5 23. Rxe5 Rh1 24. Re1 Rc8 25. Rc1 Rc5 26. Bd3 Rxc1+ 27. Kxc1 f5 28. f4 Kf6 29. Kb2 Rc7 30. a4 Rh7 31. c5 Rc7 0-1

[Event "BRA-ch 85th"]
[Site "Natal"]
[Date "2019.01.29"]
[Round "1.1"]
[White "Gauche, Charles"]
[Black "Reis, Paulo F Jatoba"]
[Result "0-1"]
[WhiteElo "2241"]
[BlackElo "2377"]
[PlyCount "162"]
[EventDate "2019.01.29"]
[EventType "k.o."]
[EventRounds "4"]
[EventCountry "BRA"]
[SourceTitle "CBM 188 Extra"]
[Source "ChessBase"]
[SourceDate "2019.02.26"]
[SourceVersion "1"]
[SourceVersionDate "2019.02.26"]
[SourceQuality "1"]

1. d4 d5 2. Nf3 Nf6 3. g3 e6 4. Bg2 b5 5. a4 b4 6. 0-0 Nbd7 7. c4 bxc3 8. Nxc3 Ba6 9. Bf4 c6 10. a5 Be7 11. Qa4 Qc8 12. b4 Qb7 13. Rab1 Bb5 14. Qc2 0-0 15. Rfc1 Rac8 16. e4 Qa6 17. Ne1 dxe4 18. Nxe4 Nxe4 19. Bxe4 Nf6 20. Bg5 h6 21. Bxf6 Bxf6 22. Nf3 Rfd8 23. Qc3 Be2 24. Ne5 Bxe5 25. dxe5 Bd3 26. Bxd3 Rxd3 27. Qe1 Rcd8 28. Rc5 R8d4 29. Rbc1 Rd2 30. Rxc6 Qd3 31. R6c3 Qb5 32. Rc4 Rxc4 33. Rxc4 Rd5 34. Rc8+ Kh7 35. Qe4+ g6 36. Qf3 Rd7 37. Rd8 Rc7 38. Qf4 g5 39. Qe4+ Kg7 40. Rd1 Rc4 41. Qf3 Qxe5 42. Rd7 Qf6 43. Qxf6+ Kxf6 44. b5 Rc5 45. b6 Rxa5 46. bxa7 Ra1+ 47. Kg2 g4 48. f4 Ra2+ 49. Kf1 Kg6 50. Ke1 f6 51. Kd1 Kf5 52. Kc1 e5 53. fxe5 fxe5 54. Kb1 Ra6 55. Kb2 Ke4 56. Rb7 h5 57. Re7 Kd4 58. Kb3 e4 59. Rd7+ Ke3 60. Rf7 Kd3 61. Rd7+ Ke2 62. Kc4 e3 63. Kb5 Ra1 64. Kb6 Kf2 65. Rf7+ Kg2 66. Re7 Kf2 67. Rf7+ Ke1 68. Rf5 e2 69. Kb7 Kd2 70. Rd5+ Ke3 71. Re5+ Kf2 72. Rf5+ Kg2 73. Re5 Kxh2 74. Rxe2+ Kxg3 75. a8Q Rxa8 76. Kxa8 h4 77. Kb7 h3 78. Ra2 h2 79. Ra1 Kh3 80. Kc6 g3 81. Kd5 g2 0-1

[Event "Bahia-ch final"]
[Site "Juazeiro do Norte"]
[Date "2018.10.12"]
[Round "2"]
[White "Reis, Paulo F Jatoba"]
[Black "Baptista, Igor Lucas"]
[Result "1-0"]
[WhiteElo "2379"]
[BlackElo "1933"]
[PlyCount "69"]
[EventDate "2018.10.12"]
[EventType "swiss"]
[EventRounds "6"]
[EventCountry "BRA"]
[SourceTitle "CBM 187 Extra"]
[Source "ChessBase"]
[SourceDate "2018.11.04"]
[SourceVersion "1"]
[SourceVersionDate "2018.11.04"]
[SourceQuality "1"]

1. Nf3 d5 2. g3 g6 3. Bg2 Bg7 4. c4 c6 5. 0-0 Nf6 6. b3 0-0 7. Bb2 Bg4 8. d3 Qc8 9. Re1 Bh3 10. Bh1 h6 11. Nbd2 Ng4 12. Bxg7 Kxg7 13. Qc2 Qf5 14. e4 dxe4 15. Nxe4 Qh5 16. Qc3+ Kh7 17. Qb4 Nd7 18. Qxe7 Rae8 19. Qxd7 Rxe4 20. Rxe4 Nxh2 21. Qxh3 Qxh3 22. Nxh2 Qd7 23. Re3 Re8 24. Rae1 Rxe3 25. Rxe3 Qd4 26. Re7 Kg7 27. Rxb7 Qxd3 28. Bxc6 Qb1+ 29. Nf1 Qxa2 30. Bd5 Kf6 31. Bxf7 Qa6 32. Bd5 Qa1 33. Kg2 a5 34. Ne3 h5 35. c5 1-0

[Event "Recife Arraes Memorial 11th"]
[Site "Recife"]
[Date "2018.07.29"]
[Round "5"]
[White "Reis, Paulo F Jatoba"]
[Black "Monteiro, Luis Felipe Furtado"]
[Result "1-0"]
[WhiteElo "2392"]
[BlackElo "1826"]
[PlyCount "61"]
[EventDate "2018.07.27"]
[EventType "swiss"]
[EventRounds "6"]
[EventCountry "BRA"]
[SourceTitle "CBM 186 Extra"]
[Source "ChessBase"]
[SourceDate "2018.08.24"]
[SourceVersion "1"]
[SourceVersionDate "2018.08.24"]
[SourceQuality "1"]

1. Nf3 d5 2. g3 Nf6 3. Bg2 Bf5 4. c4 e6 5. Qb3 dxc4 6. Qxb7 Be4 7. Qb5+ Nbd7 8. Nc3 Rb8 9. Qxc4 Bb7 10. 0-0 Be7 11. d3 0-0 12. Qa4 Nb6 13. Qxa7 Nfd5 14. Bd2 Nb4 15. Ne5 Bxg2 16. Kxg2 Qd6 17. Nf3 Ra8 18. Qb7 f5 19. Bf4 Qd7 20. Qxc7 Qxc7 21. Bxc7 N6d5 22. Nxd5 exd5 23. a3 Rfc8 24. Rfc1 Na6 25. Bf4 Nc5 26. b4 Ne6 27. Rxc8+ Rxc8 28. Be5 Rc2 29. e3 g5 30. b5 Nc5 31. Nd4 1-0

[Event "Recife Arraes Memorial 11th"]
[Site "Recife"]
[Date "2018.07.28"]
[Round "3"]
[White "Bouwman, Marcelo Wanderley"]
[Black "Reis, Paulo F Jatoba"]
[Result "1-0"]
[WhiteElo "2208"]
[BlackElo "2392"]
[PlyCount "37"]
[EventDate "2018.07.27"]
[EventType "swiss"]
[EventRounds "6"]
[EventCountry "BRA"]
[SourceTitle "CBM 186 Extra"]
[Source "ChessBase"]
[SourceDate "2018.08.24"]
[SourceVersion "1"]
[SourceVersionDate "2018.08.24"]
[SourceQuality "1"]

1. e4 e5 2. Nf3 Nc6 3. Nc3 Nf6 4. Bb5 Bd6 5. 0-0 0-0 6. d3 h6 7. a3 Re8 8. Bc4 Bf8 9. Nh4 Nxe4 10. Bxf7+ Kxf7 11. Qh5+ Kg8 12. dxe4 d6 13. f4 Be6 14. f5 Bf7 15. Qg4 Kh7 16. Ng6 Ne7 17. Bg5 Qd7 18. Rfd1 Kg8 19. Nxe5 1-0

[Event "Salvador Bahia-ch"]
[Site "Salvador"]
[Date "2017.12.16"]
[Round "2"]
[White "Neves, Carlos Alberto"]
[Black "Reis, Paulo F Jatoba"]
[Result "0-1"]
[WhiteElo "1937"]
[BlackElo "2394"]
[PlyCount "54"]
[EventDate "2017.12.15"]
[EventType "swiss"]
[EventRounds "5"]
[EventCountry "BRA"]
[SourceTitle "CBM 182 Extra"]
[Source "ChessBase"]
[SourceDate "2018.02.23"]
[SourceVersion "1"]
[SourceVersionDate "2018.02.23"]
[SourceQuality "1"]

1. e4 c5 2. Nf3 g6 3. c3 Bg7 4. d4 cxd4 5. cxd4 d5 6. Bb5+ Bd7 7. Qa4 dxe4 8. Ne5 Nf6 9. 0-0 0-0 10. Nc3 a6 11. Be3 Bxb5 12. Nxb5 Qe8 13. Nc3 Qxa4 14. Nxa4 Nbd7 15. Nc3 Nxe5 16. dxe5 Ng4 17. Bc5 Bxe5 18. h3 Nf6 19. Bxe7 Rfe8 20. Bxf6 Bxf6 21. Nd5 Be5 22. f4 Bxb2 23. Rab1 Bd4+ 24. Kh1 Rad8 25. Nc7 Re7 26. Rxb7 e3 27. Rc1 e2 0-1

[Event "Natal Potiguar op"]
[Site "Natal"]
[Date "2017.06.04"]
[Round "6"]
[White "Reis, Paulo F Jatoba"]
[Black "Rocha, Vitor Firmo de Souz"]
[Result "1-0"]
[WhiteElo "2393"]
[BlackElo "2210"]
[PlyCount "75"]
[EventDate "2017.06.02"]
[EventType "swiss"]
[EventRounds "6"]
[EventCountry "BRA"]
[SourceTitle "EXT 2018"]
[Source "ChessBase"]
[SourceDate "2017.10.13"]
[SourceVersion "1"]
[SourceVersionDate "2017.10.13"]
[SourceQuality "1"]

1. c4 e6 2. Nc3 d5 3. e3 c6 4. Nf3 Bd6 5. b3 Nf6 6. Bb2 0-0 7. Be2 Re8 8. d4 Nbd7 9. 0-0 Qe7 10. Qc2 dxc4 11. bxc4 e5 12. Rab1 e4 13. Nd2 Nf8 14. c5 Bb8 15. Nc4 Nd5 16. Rfe1 h5 17. Ba3 Nxc3 18. Qxc3 Qg5 19. Nd6 Bxd6 20. cxd6 Ng6 21. Qc5 f5 22. d7 Bxd7 23. Rxb7 Nh4 24. g3 Be6 25. d5 Bxd5 26. Bb2 Bf7 27. Bc4 Nf3+ 28. Kh1 Rf8 29. Rxf7 Rxf7 30. Rd1 Rd8 31. Rxd8+ Qxd8 32. Bxf7+ Kxf7 33. Qxf5+ Kg8 34. Qe6+ Kh7 35. Qxe4+ g6 36. Qxf3 Qc7 37. Qf8 g5 38. Qf5+ 1-0

[Event "Natal Potiguar op"]
[Site "Natal"]
[Date "2017.06.03"]
[Round "4"]
[White "Reis, Paulo F Jatoba"]
[Black "Da Silva Tomaz, Luiz Antonio"]
[Result "0-1"]
[WhiteElo "2393"]
[BlackElo "2093"]
[PlyCount "104"]
[EventDate "2017.06.02"]
[EventType "swiss"]
[EventRounds "6"]
[EventCountry "BRA"]
[SourceTitle "EXT 2018"]
[Source "ChessBase"]
[SourceDate "2017.10.13"]
[SourceVersion "1"]
[SourceVersionDate "2017.10.13"]
[SourceQuality "1"]

1. c4 c6 2. Nf3 Nf6 3. Nc3 d5 4. e3 g6 5. d4 Bg7 6. Be2 0-0 7. 0-0 a6 8. Bd2 Bg4 9. Qb3 Ra7 10. h3 Be6 11. cxd5 cxd5 12. Ne5 Nbd7 13. Nxd7 Qxd7 14. Na4 Ne4 15. Bb4 b5 16. Nc5 Nxc5 17. Bxc5 Rb7 18. Qa3 Ra8 19. Qa5 Rbb8 20. Rfc1 Qb7 21. Rc3 Bf6 22. Rac1 Rc8 23. b4 Bd7 24. Qa3 e6 25. Qb3 Bg5 26. Qd1 f5 27. g3 Be8 28. Qf1 h6 29. Kg2 Kh7 30. Bd6 Rxc3 31. Rxc3 Rc8 32. Rc5 Bd8 33. a4 Rxc5 34. bxc5 bxa4 35. Bxa6 Qb2 36. Bd3 a3 37. Qb1 Qxb1 38. Bxb1 Bc6 39. f3 Ba5 40. Kf2 Bb4 41. Ba2 Bb5 42. Be7 Kg7 43. e4 Kf7 44. exd5 exd5 45. Bxd5+ Kxe7 46. Ke3 Be1 47. g4 fxg4 48. hxg4 h5 49. gxh5 gxh5 50. f4 h4 51. Ba2 h3 52. Kf3 Bf1 0-1

[Event "Natal Potiguar op"]
[Site "Natal"]
[Date "2017.06.02"]
[Round "2"]
[White "Reis, Paulo F Jatoba"]
[Black "Dantas, Francisco"]
[Result "1-0"]
[WhiteElo "2393"]
[BlackElo "1905"]
[PlyCount "59"]
[EventDate "2017.06.02"]
[EventType "swiss"]
[EventRounds "6"]
[EventCountry "BRA"]
[SourceTitle "EXT 2018"]
[Source "ChessBase"]
[SourceDate "2017.10.13"]
[SourceVersion "1"]
[SourceVersionDate "2017.10.13"]
[SourceQuality "1"]

1. c4 e5 2. Nc3 Nf6 3. Nf3 Nc6 4. e3 Bb4 5. Qc2 d6 6. Nd5 Bc5 7. a3 a5 8. b3 Be6 9. Nxf6+ Qxf6 10. Bb2 Bf5 11. d3 0-0 12. Be2 Qe7 13. 0-0 Bg6 14. Rfe1 f5 15. d4 Bb6 16. c5 dxc5 17. d5 e4 18. dxc6 exf3 19. cxb7 Rad8 20. Bxf3 Kh8 21. Qc3 Be8 22. Rad1 Rb8 23. Qe5 Rf7 24. Re2 h6 25. Red2 Bb5 26. a4 Ba6 27. Qxe7 Rxe7 28. Rd8+ Re8 29. Rxe8+ Rxe8 30. Rd7 1-0

[Event "BRA-ch 83rd"]
[Site "Rio de Janeiro"]
[Date "2017.02.09"]
[Round "5"]
[White "Reis, Paulo F Jatoba"]
[Black "El Debs, Felipe de Cresce"]
[Result "0-1"]
[WhiteElo "2397"]
[BlackElo "2523"]
[PlyCount "122"]
[EventDate "2017.02.06"]
[EventType "tourn"]
[EventRounds "11"]
[EventCountry "BRA"]
[EventCategory "6"]
[SourceTitle "CBM 176 Extra"]
[Source "ChessBase"]
[SourceDate "2017.03.02"]
[SourceVersion "1"]
[SourceVersionDate "2017.03.02"]
[SourceQuality "1"]

1. Nf3 Nf6 2. g3 b6 3. Bg2 Bb7 4. 0-0 c5 5. c4 g6 6. b3 Bg7 7. Bb2 0-0 8. Nc3 d6 9. e3 e6 10. d4 Qe7 11. d5 exd5 12. cxd5 Na6 13. Nd2 Nc7 14. Nc4 Ba6 15. a4 Nd7 16. Re1 Rfe8 17. Qd2 Ne5 18. Nxe5 Bxe5 19. f4 Bg7 20. Ne4 Bb7 21. Bxg7 Kxg7 22. Qb2+ f6 23. Nc3 f5 24. Ne4+ Kf7 25. Ng5+ Kg8 26. e4 Qg7 27. Qxg7+ Kxg7 28. e5 dxe5 29. d6 Bxg2 30. Kxg2 h6 31. Nf3 e4 32. dxc7 exf3+ 33. Kxf3 Rxe1 34. Rxe1 Kf7 35. Ke3 Rc8 36. Kd3 Rxc7 37. Kc4 Rd7 38. a5 Rd4+ 39. Kb5 Rb4+ 40. Kc6 bxa5 41. Re3 c4 42. bxc4 Rxc4+ 43. Kb5 Re4 44. Rc3 g5 45. fxg5 Re5+ 46. Kc4 hxg5 47. h4 Kg6 48. Kd4 Re4+ 49. Kd3 gxh4 50. gxh4 Rxh4 51. Rc6+ Kg5 52. Ra6 a4 53. Ke3 Rh3+ 54. Kf2 a3 55. Rxa7 Kg4 56. Ra4+ f4 57. Ra8 Rh2+ 58. Kg1 Ra2 59. Rg8+ Kf3 60. Rc8 Ra1+ 61. Kh2 Re1 0-1

[Event "Natal CBX Circuit 4th"]
[Site "Natal"]
[Date "2016.02.03"]
[Round "8"]
[White "Reis, Paulo F Jatoba"]
[Black "Brito, Luismar Jorge"]
[Result "1-0"]
[WhiteElo "2380"]
[BlackElo "2235"]
[PlyCount "101"]
[EventDate "2016.01.27"]
[EventType "tourn"]
[EventRounds "9"]
[EventCountry "BRA"]
[EventCategory "7"]
[SourceTitle "CBM 170 Extra"]
[Source "ChessBase"]
[SourceDate "2016.02.25"]
[SourceVersion "1"]
[SourceVersionDate "2016.02.25"]
[SourceQuality "1"]

1. g3 c5 2. Bg2 Nc6 3. c4 g6 4. Nc3 Bg7 5. a3 h5 6. Nf3 Nh6 7. 0-0 Nf5 8. b4 d6 9. Rb1 h4 10. Ne4 hxg3 11. hxg3 b6 12. e3 Bd7 13. Bb2 Kf8 14. Qb3 a5 15. Bxg7+ Nxg7 16. bxc5 bxc5 17. Qc2 Qc8 18. Nfg5 Kg8 19. f4 Nh5 20. Kf2 f6 21. Nf3 Kg7 22. Nh4 Be8 23. Rh1 Rb8 24. Bh3 Rxb1 25. Qxb1 f5 26. Qa1+ Nf6 27. Nxf6 exf6 28. Rb1 Bf7 29. Qc3 Qa6 30. Rb5 Ne7 31. d3 Rc8 32. Bg2 Rc7 33. Qb2 Qc8 34. Nf3 d5 35. Rb6 Ng8 36. Ng5 d4 37. Nxf7 dxe3+ 38. Kxe3 Rxf7 39. Bd5 Re7+ 40. Kd2 Qe8 41. Rb7 Nh6 42. Qb5 Qd8 43. Qxc5 Rxb7 44. Bxb7 Ng4 45. Bf3 Qb8 46. Qe7+ Kh6 47. Qb7 Qf8 48. Qa8 Qg7 49. c5 g5 50. Bxg4 fxg4 51. Qh1+ 1-0

[Event "Natal CBX Circuit 4th"]
[Site "Natal"]
[Date "2016.01.29"]
[Round "4"]
[White "Alonso, Salvador"]
[Black "Reis, Paulo F Jatoba"]
[Result "1-0"]
[WhiteElo "2491"]
[BlackElo "2380"]
[PlyCount "59"]
[EventDate "2016.01.27"]
[EventType "tourn"]
[EventRounds "9"]
[EventCountry "BRA"]
[EventCategory "7"]
[SourceTitle "CBM 170 Extra"]
[Source "ChessBase"]
[SourceDate "2016.02.25"]
[SourceVersion "1"]
[SourceVersionDate "2016.02.25"]
[SourceQuality "1"]

1. e4 d6 2. d4 Nf6 3. Nc3 g6 4. Nf3 Bg7 5. Be3 0-0 6. h3 c6 7. Bd3 Qc7 8. 0-0 Nbd7 9. a4 Re8 10. Bc4 d5 11. Bb3 Nxe4 12. Nxe4 dxe4 13. Ng5 Rf8 14. Nxe4 Nf6 15. Nxf6+ Bxf6 16. Qf3 c5 17. dxc5 Bxb2 18. Rab1 Bg7 19. Bd5 Rb8 20. Rfe1 e6 21. Bf4 e5 22. Be3 Bf5 23. Rxb7 Rxb7 24. Bxb7 Bxc2 25. Bd5 Qa5 26. Rc1 Qxa4 27. c6 e4 28. Qf4 Qb5 29. Qd6 Ba4 30. c7 1-0

[Event "Natal CBX Circuit 4th"]
[Site "Natal"]
[Date "2016.01.27"]
[Round "1"]
[White "Reis, Paulo F Jatoba"]
[Black "Hungaski, Robert Andrew"]
[Result "1/2-1/2"]
[WhiteElo "2380"]
[BlackElo "2478"]
[PlyCount "70"]
[EventDate "2016.01.27"]
[EventType "tourn"]
[EventRounds "9"]
[EventCountry "BRA"]
[EventCategory "7"]
[SourceTitle "CBM 170 Extra"]
[Source "ChessBase"]
[SourceDate "2016.02.25"]
[SourceVersion "1"]
[SourceVersionDate "2016.02.25"]
[SourceQuality "1"]

1. Nf3 c5 2. g3 Nc6 3. Bg2 g6 4. c4 Bg7 5. Nc3 e5 6. 0-0 d6 7. a3 a5 8. d3 Nge7 9. Bg5 f6 10. Bd2 Be6 11. Qa4 0-0 12. Rfc1 Rb8 13. Nb5 b6 14. b4 axb4 15. axb4 Nxb4 16. Bxb4 cxb4 17. Qxb4 d5 18. Nd2 f5 19. cxd5 Nxd5 20. Bxd5 Bxd5 21. Nc7 Bf7 22. Ra7 Qf6 23. Qb5 Rfd8 24. Rc6 Rd6 25. Rxd6 Qxd6 26. Nc4 Qd4 27. Qc6 b5 28. Nxb5 Qd5 29. Qxd5 Bxd5 30. Nc3 Bf7 31. e4 Rd8 32. Nd5 Bxd5 33. exd5 Rxd5 34. Ra5 Rxd3 35. Nxe5 Bxe5 1/2-1/2

[Event "Salvador The Best Of Bahia"]
[Site "Salvador"]
[Date "2015.12.01"]
[Round "18"]
[White "Fiaes, Mario Henrique"]
[Black "Reis, Paulo F Jatoba"]
[Result "0-1"]
[WhiteElo "2131"]
[BlackElo "2380"]
[PlyCount "105"]
[EventDate "2015.10.01"]
[EventType "tourn"]
[EventRounds "18"]
[EventCountry "BRA"]
[SourceTitle "EXT 2022"]
[Source "ChessBase"]
[SourceDate "2021.10.06"]
[SourceVersion "1"]
[SourceVersionDate "2021.10.06"]
[SourceQuality "1"]

1. d4 Nf6 2. c4 g6 3. Nf3 Bg7 4. g3 0-0 5. Bg2 c5 6. 0-0 cxd4 7. Nxd4 Nc6 8. Nc3 Ng4 9. e3 d6 10. b3 Nxd4 11. exd4 Nh6 12. Bb2 Nf5 13. Ne2 Rb8 14. Rb1 b5 15. c5 b4 16. Nf4 Qa5 17. c6 e6 18. d5 Bxb2 19. Rxb2 e5 20. Ne2 Ba6 21. Re1 Bxe2 22. Rexe2 Nd4 23. Re1 Rb5 24. f4 Rxd5 25. Bxd5 Qxd5 26. fxe5 dxe5 27. Rc2 Rc8 28. c7 Qb7 29. Rf2 Qxc7 30. Ref1 Qc5 31. Kg2 Qd5+ 32. Kg1 Rc7 33. Qe1 a5 34. Qe3 Kg7 35. Qg5 f5 36. Rc1 Rf7 37. Qe3 h6 38. Rc8 g5 39. Qd3 g4 40. Qc4 Nf3+ 41. Kh1 Qd1+ 42. Rf1 Qd2 43. Qc2 Rd7 44. Rc7 Rxc7 45. Qxc7+ Kf6 46. Qb6+ Kg5 47. Qf2 Qd5 48. Rc1 Kh5 49. Kg2 Ng5+ 50. Kf1 Qh1+ 51. Qg1 Qe4 52. Qf2 Nh3 53. Qg2 0-1

[Event "Salvador The Best Of Bahia"]
[Site "Salvador"]
[Date "2015.11.26"]
[Round "17"]
[White "Reis, Paulo F Jatoba"]
[Black "Andrade, Francisco Antonio D"]
[Result "0-1"]
[WhiteElo "2380"]
[BlackElo "1946"]
[PlyCount "72"]
[EventDate "2015.10.01"]
[EventType "tourn"]
[EventRounds "18"]
[EventCountry "BRA"]
[SourceTitle "EXT 2022"]
[Source "ChessBase"]
[SourceDate "2021.10.06"]
[SourceVersion "1"]
[SourceVersionDate "2021.10.06"]
[SourceQuality "1"]

1. d4 Nf6 2. Bg5 e6 3. Nd2 Be7 4. e3 d5 5. Bd3 h6 6. Bh4 0-0 7. Ngf3 c6 8. Ne5 Nbd7 9. f4 Nh7 10. Bxe7 Qxe7 11. 0-0 c5 12. c3 a6 13. Rf3 Nxe5 14. fxe5 f5 15. g4 Ng5 16. Rf1 g6 17. Kh1 Kh7 18. Qe2 Bd7 19. Qg2 Bb5 20. Bxb5 axb5 21. a3 b4 22. axb4 cxb4 23. c4 Ne4 24. cxd5 Nxd2 25. Qxd2 Rxa1 26. Rxa1 fxg4 27. dxe6 Qxe6 28. Qg2 Rf3 29. Rc1 Qf5 30. Kg1 Qe4 31. Re1 h5 32. Qe2 h4 33. Rf1 Rxe3 34. Qd2 Re2 35. Rf7+ Kg8 36. Rf8+ Kg7 0-1

[Event "Salvador The Best Of Bahia"]
[Site "Salvador"]
[Date "2015.11.17"]
[Round "14"]
[White "Reis, Paulo F Jatoba"]
[Black "Azevedo, Edmundo Roberto Ram"]
[Result "1-0"]
[WhiteElo "2380"]
[BlackElo "1994"]
[PlyCount "111"]
[EventDate "2015.10.01"]
[EventType "tourn"]
[EventRounds "18"]
[EventCountry "BRA"]
[SourceTitle "EXT 2022"]
[Source "ChessBase"]
[SourceDate "2021.10.06"]
[SourceVersion "1"]
[SourceVersionDate "2021.10.06"]
[SourceQuality "1"]

1. d4 d5 2. Bf4 Bf5 3. c4 c6 4. Nc3 e6 5. Qb3 Qb6 6. c5 Qxb3 7. axb3 Nd7 8. b4 Be7 9. e3 Bf6 10. Nf3 Bg4 11. b5 Bxf3 12. gxf3 Ne7 13. Kd2 e5 14. dxe5 Nxe5 15. Be2 0-0 16. Ra4 cxb5 17. Nxb5 N5c6 18. b4 b6 19. Nc7 Rad8 20. b5 Na5 21. Rb1 Ng6 22. Bg3 Be5 23. Bxe5 Nxe5 24. Kc3 Rd7 25. Na6 Rdd8 26. Kd4 Nd7 27. Rxa5 bxa5 28. Ra1 Nb8 29. Nc7 Rd7 30. Nxd5 Rfd8 31. e4 f5 32. Rxa5 Kf7 33. Bc4 Kg6 34. c6 Rf7 35. e5 a6 36. Kc5 axb5 37. Bxb5 Rc8 38. e6 Rff8 39. Ne7+ Kf6 40. Nxc8 Rxc8 41. Ra7 h5 42. f4 Kxe6 43. Rxg7 Kf6 44. Rh7 Nxc6 45. Bxc6 Kg6 46. Rd7 Rb8 47. Bb5 Rc8+ 48. Bc6 Rb8 49. h4 Rb2 50. f3 Rc2+ 51. Kd5 Rh2 52. Rd6+ Kg7 53. Ke5 Rxh4 54. Kxf5 Rh1 55. Rd7+ Kf8 56. Kf6 1-0

[Event "Salvador The Best Of Bahia"]
[Site "Salvador"]
[Date "2015.11.17"]
[Round "14"]
[White "Reis, Paulo F Jatoba"]
[Black "Ferreira, Marcone Fiuza"]
[Result "1-0"]
[WhiteElo "2380"]
[BlackElo "1949"]
[PlyCount "66"]
[EventDate "2015.10.01"]
[EventType "tourn"]
[EventRounds "18"]
[EventCountry "BRA"]
[SourceTitle "EXT 2022"]
[Source "ChessBase"]
[SourceDate "2021.10.06"]
[SourceVersion "1"]
[SourceVersionDate "2021.10.06"]
[SourceQuality "1"]

1. d4 Nf6 2. c4 e6 3. g3 Bb4+ 4. Bd2 Qe7 5. Bg2 0-0 6. e4 e5 7. dxe5 Bxd2+ 8. Qxd2 Qxe5 9. Nc3 d6 10. Nge2 Nc6 11. 0-0 Bg4 12. f3 Bd7 13. Rac1 Qa5 14. Rfd1 Rac8 15. Nd5 Nxd5 16. Qxa5 Nxa5 17. cxd5 b6 18. b4 Nb7 19. Nd4 a5 20. a3 f5 21. exf5 Rf7 22. Bf1 Ba4 23. Rd2 Re8 24. Kf2 Re5 25. f4 Ree7 26. Ba6 Nd8 27. bxa5 b5 28. Bc8 Rf8 29. a6 Nf7 30. Bb7 Nd8 31. Ne6 Nxb7 32. Nxf8 Nc5 33. a7 Re8 1-0

[Event "Salvador The Best Of Bahia"]
[Site "Salvador"]
[Date "2015.11.05"]
[Round "11"]
[White "Zallio, Luciano de Souza"]
[Black "Reis, Paulo F Jatoba"]
[Result "1/2-1/2"]
[WhiteElo "2121"]
[BlackElo "2380"]
[PlyCount "100"]
[EventDate "2015.10.01"]
[EventType "tourn"]
[EventRounds "18"]
[EventCountry "BRA"]
[SourceTitle "EXT 2022"]
[Source "ChessBase"]
[SourceDate "2021.10.06"]
[SourceVersion "1"]
[SourceVersionDate "2021.10.06"]
[SourceQuality "1"]

1. d4 c5 2. e3 Nf6 3. Nf3 g6 4. Bd3 Bg7 5. 0-0 0-0 6. b3 cxd4 7. exd4 d5 8. Bb2 Nc6 9. c4 Bg4 10. Nbd2 e5 11. dxe5 Nd7 12. Be2 Re8 13. h3 Be6 14. cxd5 Bxd5 15. Nc4 Ndxe5 16. Nfxe5 Nxe5 17. Nxe5 Bxe5 18. Bxe5 Rxe5 19. Bf3 Qa5 20. Qd3 Rae8 21. b4 Qa6 22. Qxa6 bxa6 23. Bxd5 Rxd5 24. Rfd1 Rb5 25. a3 a5 26. Rd7 a6 27. Rd6 Ra8 28. Kf1 h5 29. g3 Ra7 30. Ra2 Kf8 31. Ke2 h4 32. Kf1 hxg3 33. fxg3 a4 34. Rc2 a5 35. Rc5 Rxc5 36. bxc5 Rc7 37. Rd4 Rxc5 38. Rxa4 Ke7 39. h4 Kd6 40. g4 Kc6 41. Rf4 g5 42. Rf6+ Kd7 43. Rxf7+ Ke6 44. Rf5 Rc1+ 45. Kg2 Rc2+ 46. Kg1 gxh4 47. Rxa5 h3 48. Rh5 Rg2+ 49. Kh1 Rxg4 50. Rxh3 Kd5 1/2-1/2

[Event "Salvador The Best Of Bahia"]
[Site "Salvador"]
[Date "2015.11.03"]
[Round "10"]
[White "Reis, Paulo F Jatoba"]
[Black "Reboucas, Deive Pacheco"]
[Result "1-0"]
[WhiteElo "2380"]
[BlackElo "1964"]
[PlyCount "57"]
[EventDate "2015.10.01"]
[EventType "tourn"]
[EventRounds "18"]
[EventCountry "BRA"]
[SourceTitle "EXT 2022"]
[Source "ChessBase"]
[SourceDate "2021.10.06"]
[SourceVersion "1"]
[SourceVersionDate "2021.10.06"]
[SourceQuality "1"]

1. d4 Nf6 2. c4 e6 3. Nc3 Bb4 4. e3 0-0 5. Nge2 d5 6. a3 Be7 7. cxd5 exd5 8. Nf4 c6 9. Bd3 Nbd7 10. 0-0 Re8 11. b4 a6 12. Qb3 Nf8 13. Bd2 Bd6 14. f3 Qc7 15. Rfc1 Bxf4 16. exf4 Qd6 17. Ne2 Ng6 18. Re1 Bd7 19. f5 Nh4 20. Bf4 Qf8 21. Ng3 h6 22. Re5 g5 23. Bd2 Qg7 24. Rae1 g4 25. f4 Kh7 26. Qc2 Rg8 27. Re7 Rad8 28. Nh5 Nf3+ 29. gxf3 1-0